02349nam a2200373 i 4500001001200000003000800012006001900020007001500039008004100054020001800095020002700113040003500140035002100175050002400196082001600220110020100236245035000437264007700787264001200864300006300876336002100939337002300960338003200983504004101015588010001056590014701156650003201303650002701335655002201362776043601384797001201820856012601832999001701958ebr10889076CaPaEBRm o d cr cn|||||||||140719t20142014dcua ob 000 0 eng d z9780309301213 a9780309301220 (e-book) aCaPaEBRbengerdaepncCaPaEBR a(OCoLC)88459041414aGB642b.N385 2014eb04a551.3842232 aNational Research Council (U.S.).bDivision on Earth and Life Studies.bPolar Research Board.bCommittee on Opportunities to Use Remote Sensing in Understanding Permafrost and Ecosystems,eauthor.10aOpportunities to use remote sensing in understanding permafrost and related ecological characteristics :breport of a workshop /cCommittee on Opportunities to Use Remote Sensing in Undersanding Permafrost and Ecosystems: a Workshop ; Polar Research Board, Division on Earth and Life Studies, National Research Council of the National Academies. 1aWashington, District of Columbia :bThe National Academies Press,c2014. 4c�2014 a1 online resource (84 pages) :billustrations (some color) atext2rdacontent acomputer2rdamedia aonline resource2rdacarrier aIncludes bibliographical references. aDescription based on online resource; title from PDF title page (ebrary, viewed July 17, 2014). aElectronic reproduction. Palo Alto, Calif. : ebrary, 2014. Available via World Wide Web. Access may be limited to ebrary affiliated libraries. 0aPermafrostxRemote sensing. 0aPermafrost ecosystems. 0aElectronic books.08iPrint version:aNational Research Council (U.S.). Division on Earth and Life Studies. Polar Research Board. Committee on Opportunities to Use Remote Sensing in Understanding Permafrost and Ecosystems.tOpportunities to use remote sensing in understanding permafrost and related ecological characteristics : report of a workshop.dWashington, District of Columbia : The National Academies Press, c2014 hix, 74 pages z97803093012132 aebrary.40uhttp://site.ebrary.com/lib/rucke/Doc?id=10889076zAn electronic book accessible through the World Wide Web; click to view c30077d30077